Countries and Territories With 0% Corporate Tax - Statistics

General Stats
  • This quiz has been taken 8 times
  • The average score is 5 of 15
Answer Stats
Hint Hint Answer % Correct
Americas Bahamas
86%
Americas Except for oil and gas companies Belize
71%
Americas Special rate for companies with greater than $750 million Bermuda
71%
Middle East Except for oil and gas companies Bahrain
57%
Americas Cayman Islands
57%
Europe Banks and large retailers taxed at special rate Isle of Man
43%
Europe Certain sectors taxed at special rate Jersey
43%
Oceana Vanuatu
43%
Americas British Virgin Islands
14%
Europe Some financial and cannabis businesses taxed at special rate Guernsey
14%
Americas Capital gains taxed at special rate Saint Barthélemy
14%
Americas Angullla
0%
Oceana Tokelau
0%
Americas Turks and Caicos Islands
0%
Oceana Wallis and Futuna
0%
No matching quizzes found
Score Distribution
Percent of People with Each Score
Percentile by Number Answered
Your Score History
You have not taken this quiz